=LDR 00000nam 2200000 4500 =001 INLIS000000000060603 =005 20220224101718 =035 ##$$a 0010-0222000157 =007 ta =008 220224###########################0#ind## =082 ##$$a R. 364.102 6 =084 ##$$a R. 364.102 6 Ind p =245 ##$$a Pungli dan Suap =300 ##$$a xvi,342 halaman ; $c 21 cm. =650 #4$$a Korupsi- Undang-Undang dan Peraturan =264 ##$$a jakarta :$b Dewan Pimpinan Nasional Lembaga Pemantau Penyelenggara Negara Republik Indonesia (DPN-LPPNRI ),$c 2017 =336 ##$$a teks$2 rdacontent =337 ##$$a lain-lain$2 rdamedia =338 ##$$a lain-lain$2 rdacarrier =990 ##$$a 06950695